| 000 | 00741nam a22002177a 4500 | ||
|---|---|---|---|
| 999 |
_c17048 _d17048 |
||
| 003 | AR-CdUCM | ||
| 008 | 190507b ||||| |||| 00| 0 spa d | ||
| 040 |
_aMUNICIPALIDAD PROVINCIAL DEL CUSCO _cBIBLIOTECA MUNICIPAL DEL CUSCO |
||
| 082 |
_a891.51 / _bD93 |
||
| 100 |
_aDostoievski, Fedor _910078 |
||
| 245 | _aSelecciones / | ||
| 260 |
_aMéxico D. F. : _bSecretaria de Educación Pública, _c1947. |
||
| 300 |
_a95 páginas ; _c21 cm. |
||
| 440 |
_aBiblioteca Enciclopédica Popular. _n142 _936866 |
||
| 505 | _aContenido: El gran inquisidor -- Páginas del diario de un escritor -- Disputa al caso. | ||
| 650 |
_aLiteratura _983 |
||
| 650 |
_aSiglo XX _98 |
||
| 650 |
_aRusia _9499 |
||
| 942 |
_2ddc _cLIBROS |
||
| 945 |
_aachl _d2019-05-07 |
||